[Event "Barcelona Chavarria Memorial 2nd"]
[Site "Barcelona"]
[Date "2013.10.16"]
[Round "1"]
[White "Cabello Cabello, Jaime"]
[Black "Gonzalez Perez, Arian"]
[Result "0-1"]
[WhiteElo "1860"]
[BlackElo "2467"]
[PlyCount "78"]
[EventDate "2013.10.16"]
[EventType "swiss"]
[EventRounds "9"]
[EventCountry "ESP"]
[SourceTitle "EXT 2015"]
[Source "ChessBase"]
[SourceDate "2014.11.20"]
[SourceVersion "1"]
[SourceVersionDate "2014.11.20"]
[SourceQuality "1"]

1. d4 Nf6 2. Bg5 d5 3. Bxf6 exf6 4. e3 Bd6 5. g3 c6 6. Nd2 0-0 7. Bg2 Nd7 8. Ne2 f5 9. 0-0 Nf6 10. c4 dxc4 11. Nxc4 Bc7 12. Qc2 h5 13. h4 Qe7 14. a3 Be6 15. Ne5 Rfd8 16. Nd3 Nd5 17. Nc5 Bc8 18. Nc3 Nxe3 19. fxe3 Bxg3 20. Rf3 Qxh4 21. Ne2 Bc7 22. Nd3 Qe7 23. b4 a5 24. Rc1 axb4 25. axb4 g5 26. Qd2 h4 27. Rcf1 Qd6 28. e4 f4 29. e5 Qh6 30. Nexf4 gxf4 31. Rxf4 Qg5 32. Kh1 Bb6 33. Nc5 Bxc5 34. bxc5 Be6 35. Bf3 Ra2 36. Qe3 Ra3 37. Qc1 Rxf3 38. R1xf3 Bd5 39. Qe3 h3 0-1

[Event "Barcelona Tupinamba op 8th"]
[Site "Barcelona"]
[Date "2013.05.08"]
[Round "7"]
[White "Cabello Cabello, Jaime"]
[Black "Angli Marti, Jordi"]
[Result "0-1"]
[WhiteElo "1847"]
[BlackElo "2083"]
[PlyCount "96"]
[EventDate "2013.03.13"]
[EventType "swiss"]
[EventRounds "9"]
[EventCountry "ESP"]
[SourceTitle "EXT 2014"]
[Source "ChessBase"]
[SourceDate "2013.11.20"]
[SourceVersion "1"]
[SourceVersionDate "2013.11.20"]
[SourceQuality "1"]

1. d4 Nf6 2. Bg5 c5 3. d5 Ne4 4. Bc1 e5 5. Nf3 d6 6. c4 Be7 7. g3 0-0 8. Bg2 f5 9. 0-0 Nd7 10. Qc2 a6 11. a4 Ng5 12. Ne1 g6 13. f4 exf4 14. Bxf4 Nf7 15. Nf3 Bf6 16. Nbd2 Nde5 17. Nxe5 Bxe5 18. Bxe5 Nxe5 19. Nf3 Ng4 20. Qd2 Re8 21. b3 Qe7 22. Rae1 Qe3+ 23. Qxe3 Nxe3 24. Rf2 h6 25. Nd2 Bd7 26. Nf1 Nc2 27. Rb1 b5 28. e4 Nd4 29. axb5 fxe4 30. Rf6 Nf5 31. Rxg6+ Kf7 32. Rg4 e3 33. Re4 e2 34. Nd2 axb5 35. Re1 Nd4 36. Rxe8 Kxe8 37. Kf2 Ra2 38. Ke3 Nc2+ 39. Kxe2 Nxe1 40. Kxe1 b4 41. h3 Bf5 42. g4 Bc2 43. h4 Bxb3 44. Be4 Bc2 45. g5 hxg5 46. h5 Bxe4 47. Nxe4 Ke7 48. Nxg5 Rh2 0-1

[Event "Barcelona Chavarria Memorial 1st"]
[Site "Barcelona"]
[Date "2012.10.03"]
[Round "1"]
[White "Cabello Cabello, Jaime"]
[Black "Juan, Carmen"]
[Result "0-1"]
[WhiteElo "1842"]
[BlackElo "2278"]
[PlyCount "41"]
[EventDate "2012.10.03"]
[EventType "swiss"]
[EventRounds "9"]
[EventCountry "ESP"]
[SourceTitle "EXT 2014"]
[Source "ChessBase"]
[SourceDate "2013.11.20"]
[SourceVersion "1"]
[SourceVersionDate "2013.11.20"]
[SourceQuality "1"]

1. d4 Nf6 2. c4 g6 3. Nc3 d5 4. cxd5 Nxd5 5. e4 Nxc3 6. bxc3 Bg7 7. Nf3 0-0 8. Be2 c5 9. Rb1 b6 10. 0-0 Bb7 11. Qd3 Ba6 12. Qe3 Qd7 13. Rd1 Qa4 14. Qd2 Rd8 15. Bxa6 Nxa6 16. a3 Rac8 17. Qd3 cxd4 18. cxd4 Nc5 19. Qe2 Nxe4 20. Rb4 Nc3 21. Qxe7 0-1

[Event "Barcelona Sant Marti op 1st"]
[Site "Barcelona"]
[Date "2012.02.09"]
[Round "3"]
[White "Cabello Cabello, Jaime"]
[Black "Capellades Subirana, Marc"]
[Result "1-0"]
[WhiteElo "1856"]
[BlackElo "2279"]
[PlyCount "135"]
[EventDate "2012.01.26"]
[EventType "swiss"]
[EventRounds "9"]
[EventCountry "ESP"]
[SourceTitle "EXT 2013"]
[Source "ChessBase"]
[SourceDate "2012.11.22"]
[SourceVersion "1"]
[SourceVersionDate "2012.11.22"]
[SourceQuality "1"]

1. d4 Nf6 2. c4 e6 3. Nc3 Bb4 4. Qc2 d5 5. a3 Bxc3+ 6. Qxc3 Ne4 7. Qc2 a5 8. e3 a4 9. Bd3 f5 10. Ne2 0-0 11. 0-0 Bd7 12. f3 Nd6 13. Bd2 Nc6 14. c5 Ne8 15. Rae1 Nf6 16. Bc3 Ne7 17. Bb4 Qe8 18. Ng3 h5 19. e4 h4 20. Ne2 Qf7 21. exf5 exf5 22. Nf4 Nc6 23. Bc3 g5 24. Nh3 Nh7 25. f4 g4 26. Ng5 Qf6 27. Nxh7 Kxh7 28. Qf2 Ne7 29. Re5 Ng6 30. Rxd5 Be6 31. Re5 Nxe5 32. fxe5 Qg5 33. Bd2 Qh5 34. Qe2 Rad8 35. h3 Rg8 36. Rf4 Kh8 37. Be3 Rd7 38. d5 Rxd5 39. Bc4 Qh7 40. Bxd5 Bxd5 41. e6 Re8 42. Bd4+ Kg8 43. Qe5 Bxe6 44. hxg4 Bd7 45. Qf6 h3 46. Qg5+ Kf8 47. gxh3 Re1+ 48. Kf2 Re4 49. Qd8+ Re8 50. Qf6+ Qf7 51. Qh8+ Ke7 52. Qh4+ Kf8 53. gxf5 Bxf5 54. Qh8+ Ke7 55. Qe5+ Kd8 56. Qxf5 Qxf5 57. Rxf5 Re4 58. Bc3 Kd7 59. Kg3 Ke6 60. Rf6+ Ke7 61. h4 Re3+ 62. Kf4 Rxc3 63. bxc3 Kxf6 64. c4 b6 65. cxb6 cxb6 66. h5 Ke6 67. Ke4 Kd6 68. h6 1-0

[Event "Barcelona Edami op 8th"]
[Site "Barcelona"]
[Date "2010.03.09"]
[Round "6.10"]
[White "Cabello Cabello, Jaime"]
[Black "Daguro Dasalla, Armando"]
[Result "0-1"]
[WhiteElo "1839"]
[BlackElo "2040"]
[PlyCount "62"]
[EventDate "2010.02.02"]
[EventType "swiss"]
[EventRounds "8"]
[EventCountry "ESP"]
[SourceTitle "EXT 2024"]
[Source "ChessBase"]
[SourceDate "2023.10.10"]
[SourceVersion "1"]
[SourceVersionDate "2023.10.10"]
[SourceQuality "1"]

1. d4 d5 2. c4 c6 3. Nc3 Nf6 4. Bg5 e6 5. cxd5 exd5 6. e3 Nbd7 7. Bd3 Bd6 8. Qc2 h6 9. Bh4 Qa5 10. Nge2 0-0 11. 0-0 Re8 12. Rae1 b6 13. a3 Ba6 14. Bxa6 Qxa6 15. Bg3 Bf8 16. Nf4 Rac8 17. f3 Qb7 18. Qf2 a5 19. h3 b5 20. e4 c5 21. Nfxd5 cxd4 22. Nxf6+ Nxf6 23. Nd1 Red8 24. Bh4 g5 25. Bg3 d3 26. Be5 Nh5 27. Ne3 Bc5 28. Qd2 Qb6 29. Kh1 Bxe3 30. Qxe3 Qxe3 31. Rxe3 d2 0-1